000 00744cam a2200193 i 4500
005 20251108174818.0
008 250721s2010 jo gr 000 0 ara d
082 1 4 _a153
_bع ل و
100 1 _aالعلوان، عبير سليمان
_eمؤلف.
245 1 0 _aبرمجة الحاسوب العقلي :
_b[قدرات غير محدودة] /
_cتأليف عبير سليمان أحمد العلوان.
250 _aالطبعة الاولى.
264 3 1 _aعمان :
_bعبير سليمان أحمد العلوان،
_c2010.
300 _a190 صفحة.
650 1 7 _aالقدرات.
650 1 7 _aالعقل (علم النفس).
650 1 7 _aعلم النفس الفردي.
942 _2ddc
_cBK
999 _c118686
_d118686